01687nam a2200241Ia 450000500170000000800410001704000440005804100080010208200150011010000180012524501070014325000220025026000700027230000500034249000460039250005310043850503170096950600210128660000390130765000370134665000350138370000270141820180626082355.0130821s1936 sp a fr 1 bspa  aCo-BoUCMbspacSandra YazodSandra Yazo00aspa04a923.142201 aBaeza, José10aCarlomagnobSu vida y empresa gloriosa cpor José Baeza ; con ilustraciones de Arturo de la Portilla aTercera edición aBarcelona (España) bAraluce ; Talleres Gráficos Avantec1932 aviii, 149 paginasbilustracionesc16 x 10 cm. 4aLos grandes hechos de los grandes hombres aDetalles físicos: Encuadernación rígida en cartón forrado en tela texturizada. Lomo y tapa delantera con datos de publicación y adornos en dorado, tapa delantera con una ilustración a color. Guardas decoradas. Anteportada. Portada impresa en una sola tinta, enmarcada en orla decorativa y marca tipográfica de la Editorial. Texto impreso en una sola columna. Mayúsculas capitales. Ilustraciones de página entera y a color fuera del texto. Índices. Conserva cinta para señalar la lectura. Cortes decorados0 aPrólogo ; Complot ; Bipino el Cínico ; La dama misteriosa ; El ardid de Juan ; Los hijos del rey ; Carlomagno viene a España ; Traición sarracena ; La tragedia de Roncesvalles ; Dolor de Carlomagno, Reaparece Gisla ; El poeta loco ; Los hombres fieras ; Últimas guerras y últimos días del Emperador aConsulta en sala14aCarlomagno, EmperadoxBiografías 7aReyes y soberanos xBiografías 7aLibros y lectura para niños 1 aPortilla, Arturo de la